000 00322nam a22001457a 4500
008 210528b ||||| |||| 00| 0 eng d
020 _a007288665X
041 _aeng
080 _27th
_a159.9
082 _a159.9
100 _a48
101 _aPSI
245 _aUnderstanding Psychology
_cFeldman,R.S
942 _2udc
_cBK
999 _c57806
_d57806